[Event "Erlanger BSGW-Open 2012 30rd"]
[Site "Erlangen/Eltersd.(30.3.-1.4)"]
[Date "2012.03.30"]
[Round "1.1"]
[White "Niedermeier, Thomas(90)"]
[Black "Hohner, Karl-Heinz"]
[Result "1-0"]
[WhiteElo "2096"]
[BlackElo "1786"]
[PlyCount "47"]
[EventDate "2012.04.??"]
[EventType "swiss"]
[EventRounds "5"]
[EventCountry "GER"]
[WhiteTeam "Ilmmünster SV"]
[BlackTeam "Kronacher SK"]

1. e4 e6 2. d4 d5 3. Nc3 Nc6 4. Nf3 Nf6 5. e5 Ne4 6. Bd3 Bb4 7. Bd2 Nxd2 8.
Qxd2 Bd7 9. a3 Be7 10. h4 a6 11. Qf4 f6 12. exf6 Bxf6 13. Ng5 Qe7 14. Nxh7
O-O-O 15. Nxf6 gxf6 16. O-O-O e5 17. dxe5 fxe5 18. Qh2 Qf7 19. f3 d4 20. Nb1
Qf6 21. Nd2 Bf5 22. Bxf5+ Qxf5 23. Qh3 Ne7 24. Rde1 1-0

[Event "Erlanger BSGW-Open 2012 30rd"]
[Site "Erlangen/Eltersd.(30.3.-1.4)"]
[Date "2012.03.30"]
[Round "1.2"]
[White "Spiegelhauer, Tilmann"]
[Black "Krauss, Josef"]
[Result "1/2-1/2"]
[WhiteElo "1773"]
[BlackElo "2079"]
[PlyCount "93"]
[EventDate "2012.04.??"]
[EventType "swiss"]
[EventRounds "5"]
[EventCountry "GER"]
[WhiteTeam "Uttenreuth SC"]
[BlackTeam "Würzburg SV"]

1. d4 d5 2. c4 c6 3. Nc3 Nf6 4. Nf3 a6 5. e3 b5 6. cxd5 cxd5 7. Ne5 e6 8. Bd3
Bb7 9. O-O Bd6 10. f4 Nbd7 11. Qf3 g6 12. Bd2 b4 13. Nxd7 Qxd7 14. Ne2 Ne4 15.
Rfd1 O-O 16. Rac1 Qa4 17. Bb1 Rac8 18. Be1 Be7 19. Ng3 f5 20. Nxe4 dxe4 21. Qe2
Bd5 22. b3 Qa5 23. Qb2 Qb5 24. Qd2 a5 25. Rc2 Rxc2 26. Qxc2 Bd6 27. Rc1 Ra8 28.
Kf2 Kf7 29. Qb2 h6 30. Bc2 Bb7 31. Bd1 Ba6 32. Be2 Qxe2+ 33. Qxe2 Bxe2 34. Kxe2
Ke7 35. Rc4 Kd7 36. h3 Be7 37. Bf2 Rg8 38. Kf1 a4 39. Be1 Rc8 40. Rxc8 Kxc8 41.
Ke2 axb3 42. axb3 Kd7 43. h4 Ke8 44. g3 Kf7 45. Bf2 Bd6 46. Be1 g5 47. h5
1/2-1/2

[Event "Erlanger BSGW-Open 2012 30rd"]
[Site "Erlangen/Eltersd.(30.3.-1.4)"]
[Date "2012.03.30"]
[Round "1.3"]
[White "Walter, Florian(93)"]
[Black "Stuhler, Kilian"]
[Result "1-0"]
[WhiteElo "2076"]
[BlackElo "1778"]
[PlyCount "51"]
[EventDate "2012.04.??"]
[EventType "swiss"]
[EventRounds "5"]
[EventCountry "GER"]
[WhiteTeam "Lauf/P. SV"]
[BlackTeam "Dillingen SC"]

1. c4 e5 2. Nc3 f5 3. g3 Nf6 4. Bg2 Nc6 5. d3 Bc5 6. e3 O-O 7. Nge2 d6 8. O-O
Qe8 9. a3 a5 10. Rb1 Bd7 11. b4 axb4 12. axb4 Bb6 13. b5 Nd8 14. Bb2 c6 15.
bxc6 bxc6 16. d4 e4 17. c5 Bc7 18. cxd6 Bxd6 19. Na4 Nd5 20. Nc5 Ne6 21. Nxe6
Qxe6 22. Nf4 Bxf4 23. exf4 Bc8 24. Re1 Ba6 25. Qd2 Bd3 26. Qxd3 1-0

[Event "Erlanger BSGW-Open 2012 30rd"]
[Site "Erlangen/Eltersd.(30.3.-1.4)"]
[Date "2012.03.30"]
[Round "1.4"]
[White "Zhao, Kevin"]
[Black "Knoblauch, Leonhard"]
[Result "0-1"]
[WhiteElo "1771"]
[BlackElo "2116"]
[PlyCount "84"]
[EventDate "2012.04.??"]
[EventType "swiss"]
[EventRounds "5"]
[EventCountry "GER"]
[WhiteTeam "Erlangen 48/88 SC"]
[BlackTeam "Ilmmünster SV"]

1. e4 c5 2. Nf3 Nc6 3. d4 cxd4 4. Nxd4 Nf6 5. Nc3 e5 6. Ndb5 d6 7. Bg5 a6 8.
Na3 b5 9. Nd5 Be7 10. Bxf6 Bxf6 11. Be2 O-O 12. O-O Bg5 13. c3 Ne7 14. Nc2 Nxd5
15. Qxd5 Be6 16. Qd1 Qb6 17. Nb4 Rac8 18. a4 a5 19. Nd5 Bxd5 20. Qxd5 bxa4 21.
Rxa4 Qxb2 22. Bg4 Rxc3 23. Rxa5 Rc2 24. Ra8 Qb6 25. Ra3 Rd2 26. Qc4 Rd4 27. Qe2
Qb4 28. Qa2 Rxe4 29. Bf3 Re1 30. Bd5 Rxf1+ 31. Kxf1 g6 32. Ra7 Qf4 33. g3 Qf5
34. Kg2 Bd8 35. Qa3 e4 36. Qxd6 Qf3+ 37. Kg1 Bb6 38. Qxb6 Qd1+ 39. Kg2 Qxd5 40.
Ra5 Qd3 41. Qf6 Re8 42. Re5 Qf3+ 0-1

[Event "Erlanger BSGW-Open 2012 30rd"]
[Site "Erlangen/Eltersd.(30.3.-1.4)"]
[Date "2012.03.30"]
[Round "1.5"]
[White "Seeger, Peter"]
[Black "Walter, Manfred(59)"]
[Result "1-0"]
[WhiteElo "2040"]
[BlackElo "1721"]
[PlyCount "51"]
[EventDate "2012.04.??"]
[EventType "swiss"]
[EventRounds "5"]
[EventCountry "GER"]
[WhiteTeam "Nürnberg Noris-Tarr. SC"]
[BlackTeam "Lauf/P. SV"]

1. d4 d6 2. Nf3 Nf6 3. g3 Nbd7 4. c4 e5 5. Nc3 Be7 6. Bg2 c6 7. e4 O-O 8. O-O
a6 9. Qc2 b5 10. Rd1 Re8 11. dxe5 dxe5 12. Nxe5 Qc7 13. Nxc6 Bb7 14. cxb5 axb5
15. Nxe7+ Rxe7 16. Bf4 Qc6 17. Rd6 Qc5 18. e5 Nxe5 19. Bxb7 Rxb7 20. Rad1 Re7
21. Qe2 b4 22. Ne4 Nxe4 23. Rd8+ Re8 24. Rxa8 Rxa8 25. Qxe4 Re8 26. Qxe5 1-0

[Event "Erlanger BSGW-Open 2012 30rd"]
[Site "Erlangen/Eltersd.(30.3.-1.4)"]
[Date "2012.03.30"]
[Round "1.6"]
[White "Schloetterer, Hermann"]
[Black "Eber, Fabian(87)"]
[Result "1/2-1/2"]
[WhiteElo "1773"]
[BlackElo "2047"]
[PlyCount "87"]
[EventDate "2012.04.??"]
[EventType "swiss"]
[EventRounds "5"]
[EventCountry "GER"]
[WhiteTeam "Nürnberg Noris-Tarr. SC"]
[BlackTeam "Wilhermsdorf SF"]

1. d4 d5 2. g3 c6 3. Bg2 Bf5 4. Nf3 Qc8 5. h3 h5 6. c4 e6 7. Nc3 Nf6 8. Ng5
Nbd7 9. Bf4 Bb4 10. Rc1 Ne4 11. Ngxe4 dxe4 12. a3 Bxc3+ 13. Rxc3 Qd8 14. b4 g5
15. Be3 a5 16. b5 cxb5 17. cxb5 Nb6 18. Rc5 Nd5 19. Bc1 Qd6 20. Bxg5 Rg8 21.
Qc1 f6 22. Bh4 Kd7 23. g4 hxg4 24. Bg3 Qe7 25. hxg4 Bg6 26. f3 exf3 27. Bxf3
Ke8 28. e4 b6 29. Rc6 Nb4 30. axb4 Qxb4+ 31. Kf2 Qxd4+ 32. Kg2 Kf8 33. Rd1 Qa4
34. Rc8+ Rxc8 35. Qxc8+ Kg7 36. Rd7+ Bf7 37. Qc7 Qa2+ 38. Bf2 e5 39. Qxb6 Rh8
40. Qd6 Rh2+ 41. Kxh2 Qxf2+ 42. Bg2 Qh4+ 43. Kg1 Qe1+ 44. Kh2 1/2-1/2

[Event "Erlanger BSGW-Open 2012 30rd"]
[Site "Erlangen/Eltersd.(30.3.-1.4)"]
[Date "2012.03.30"]
[Round "1.7"]
[White "Boss, Rolf"]
[Black "Hummel, Thomas(70)"]
[Result "1-0"]
[WhiteElo "2063"]
[BlackElo "1745"]
[PlyCount "82"]
[EventDate "2012.04.??"]
[EventType "swiss"]
[EventRounds "5"]
[EventCountry "GER"]
[WhiteTeam "Bamberg 1868 SC "]
[BlackTeam "Dietfurt/Altm. TSV"]

1. e4 Nf6 2. e5 Nd5 3. d4 d6 4. exd6 cxd6 5. c4 Nb6 6. Nc3 a6 7. Be3 Nc6 8. h3
Bf5 9. Nf3 Nb4 10. Rc1 d5 11. c5 Nc8 12. a3 Nc6 13. Qb3 Qd7 14. Qxd5 e6 15.
Qxd7+ Kxd7 16. g4 Bg6 17. Nh4 N8e7 18. Nxg6 hxg6 19. Bg2 Rd8 20. O-O Kc8 21.
Rfd1 Nd5 22. Nxd5 exd5 23. b4 Be7 24. Rb1 f5 25. a4 Bf6 26. b5 Nb8 27. c6 bxc6
28. bxc6 Kc7 29. Bf4+ Kxc6 30. Rdc1+ Kd7 31. Rb7+ Ke8 32. Re1+ Kf8 33. Rxb8
Rxb8 34. Bxb8 fxg4 35. Bd6+ Kg8 36. Re8+ Kh7 37. Rxh8+ Kxh8 38. Be5 Bxe5 39.
dxe5 d4 40. hxg4 Kg8 41. Bd5+ Kf8 1-0

[Event "Erlanger BSGW-Open 2012 30rd"]
[Site "Erlangen/Eltersd.(30.3.-1.4)"]
[Date "2012.03.30"]
[Round "1.8"]
[White "Stoll, Katja"]
[Black "Walter, Thomas(78)"]
[Result "0-1"]
[WhiteElo "1645"]
[BlackElo "2055"]
[PlyCount "62"]
[EventDate "2012.04.??"]
[EventType "swiss"]
[EventRounds "5"]
[EventCountry "GER"]
[WhiteTeam "Ulm Weisse Dame SC"]
[BlackTeam "Erlangen 48/88 SC"]

1. e4 c5 2. Nf3 g6 3. d4 cxd4 4. Nxd4 Nf6 5. Nc3 Nc6 6. Be3 Bg7 7. f3 O-O 8.
Qd2 d5 9. exd5 Nxd5 10. Nxd5 Qxd5 11. Nxc6 Qxc6 12. c3 Bf5 13. Be2 Rfd8 14. Qc1
h5 15. O-O h4 16. Bg5 h3 17. g4 Bxg4 18. Qf4 Bf5 19. Qe3 Rd6 20. Rad1 Re6 21.
Qf2 b5 22. Bd3 Bxd3 23. Rxd3 f6 24. Be3 Qc4 25. Rfd1 Qxa2 26. Qg3 Kf7 27. b4
Rh8 28. R1d2 Qc4 29. Bxa7 Rh5 30. Kf2 Bh6 31. Rd1 Qa2+ 0-1

[Event "Erlanger BSGW-Open 2012 30rd"]
[Site "Erlangen/Eltersd.(30.3.-1.4)"]
[Date "2012.03.30"]
[Round "1.9"]
[White "Bolduan, Sebastian"]
[Black "Bruder, Heinz"]
[Result "1-0"]
[WhiteElo "2025"]
[BlackElo "1700"]
[PlyCount "81"]
[EventDate "2012.04.??"]
[EventType "swiss"]
[EventRounds "5"]
[EventCountry "GER"]
[WhiteTeam "Nürnberg Noris-Tarr. SC"]
[BlackTeam "Nürnberg Süd SW"]

1. e4 e5 2. Nf3 Nc6 3. Bb5 d6 4. d4 Bd7 5. Nc3 exd4 6. Nxd4 Nxd4 7. Qxd4 Bxb5
8. Nxb5 a6 9. Nc3 Ne7 10. Bf4 Nc6 11. Qd2 Be7 12. O-O O-O 13. Nd5 Re8 14. Rfe1
Bf6 15. c3 Ne5 16. Rad1 Ng6 17. Bg3 Bh4 18. c4 Bxg3 19. hxg3 Ne5 20. Ne3 Qf6
21. Nd5 Qd8 22. Qc2 Rc8 23. c5 Re6 24. Ne3 Qe8 25. cxd6 cxd6 26. Qb3 Qc6 27.
Nf5 Qc7 28. Qd5 g6 29. Ne3 Qc6 30. Qd4 Qc5 31. f3 Nc6 32. Qd2 b5 33. Rc1 Qa7
34. Kf1 Ne7 35. Rxc8+ Nxc8 36. Rc1 Nb6 37. Qd4 Qb7 38. Ng4 h5 39. Nf6+ Kf8 40.
Qxb6 Qxb6 41. Nd7+ 1-0

[Event "Erlanger BSGW-Open 2012 30rd"]
[Site "Erlangen/Eltersd.(30.3.-1.4)"]
[Date "2012.03.30"]
[Round "1.10"]
[White "Myagkov, Kirill"]
[Black "Sponheim, Marko"]
[Result "1-0"]
[WhiteElo "1726"]
[BlackElo "2016"]
[PlyCount "91"]
[EventDate "2012.04.??"]
[EventType "swiss"]
[EventRounds "5"]
[EventCountry "GER"]
[WhiteTeam "Nürnberg Noris-Tarr. SC"]
[BlackTeam "Mettmann-Sport"]

1. e4 c5 2. Nc3 Nc6 3. g3 g6 4. Bg2 Bg7 5. d3 d6 6. Be3 Nd4 7. Nf3 Rb8 8. Rb1
b5 9. Ne2 Nxe2 10. Qxe2 Qa5+ 11. c3 Qxa2 12. O-O Bxc3 13. d4 cxd4 14. Nxd4 Bxd4
15. Bxd4 e5 16. Be3 a6 17. Qd3 Qe6 18. Rfd1 Nf6 19. Qxd6 Nd7 20. Qxe6+ fxe6 21.
Bh3 Nf6 22. Bg5 O-O 23. f3 Kf7 24. Rbc1 Re8 25. Rc7+ Re7 26. Rdc1 Bd7 27. f4 h6
28. fxe5 hxg5 29. Rf1 Rc8 30. Ra7 Ke8 31. exf6 Rf7 32. Rxa6 e5 33. Be6 Rf8 34.
Rd6 Bxe6 35. Rxe6+ Kf7 36. Rxe5 b4 37. Re7+ Kg8 38. Rb7 Rc4 39. e5 Re4 40. Re7
Rc8 41. e6 Re2 42. Rg7+ Kh8 43. e7 Rcc2 44. Rf2 Rc1+ 45. Kg2 Rce1 46. f7 1-0

[Event "Erlanger BSGW-Open 2012 30rd"]
[Site "Erlangen/Eltersd.(30.3.-1.4)"]
[Date "2012.03.30"]
[Round "1.11"]
[White "Thier, Juergen(74)"]
[Black "Schuetz, Robert(61)"]
[Result "1-0"]
[WhiteElo "2026"]
[BlackElo "1619"]
[PlyCount "55"]
[EventDate "2012.04.??"]
[EventType "swiss"]
[EventRounds "5"]
[EventCountry "GER"]
[WhiteTeam "Heidelberg SF"]
[BlackTeam "Forchheim SC"]

1. Nf3 d5 2. c4 e6 3. d4 Nf6 4. Bf4 c5 5. cxd5 Nxd5 6. Bg3 Nc6 7. dxc5 Bxc5 8.
e4 Qa5+ 9. Nbd2 Nf6 10. a3 Qd8 11. Rc1 Bb6 12. Bb5 Bd7 13. O-O Nd4 14. Bd3 Bc6
15. Bh4 Qd7 16. Ne5 Qc7 17. Bg3 Qe7 18. Nxc6 Nxc6 19. Bb5 Rc8 20. Qa4 O-O 21.
Nc4 Bc7 22. e5 Nd7 23. Bxc6 bxc6 24. Qxa7 Bb8 25. Qe3 Bc7 26. Rfd1 Rb8 27. b4
Nb6 28. Na5 1-0

[Event "Erlanger BSGW-Open 2012 30rd"]
[Site "Erlangen/Eltersd.(30.3.-1.4)"]
[Date "2012.03.30"]
[Round "1.12"]
[White "Nahlik, Bernhard Dr"]
[Black "Wittmann, Helmut"]
[Result "1/2-1/2"]
[WhiteElo "1699"]
[BlackElo "2022"]
[PlyCount "55"]
[EventDate "2012.04.??"]
[EventType "swiss"]
[EventRounds "5"]
[EventCountry "GER"]
[WhiteTeam "Ansbach SC"]
[BlackTeam "Erlangen BSGW"]

1. d4 Nf6 2. Nf3 e6 3. e3 b6 4. Bd3 c5 5. O-O Bb7 6. Nbd2 Be7 7. Re1 Nc6 8. c3
O-O 9. b3 d6 10. Bb2 cxd4 11. exd4 a5 12. Rc1 Nd5 13. Bb1 b5 14. c4 bxc4 15.
bxc4 Nf4 16. Ne4 f5 17. Nc3 Bf6 18. Ne2 Nxe2+ 19. Rxe2 Qb6 20. Qd2 Rfe8 21.
Rce1 Ba6 22. Bxf5 Bxc4 23. Bxe6+ Bxe6 24. Rxe6 Rxe6 25. Rxe6 Rb8 26. Bc3 Nxd4
27. Bxd4 Bxd4 28. h3 1/2-1/2

[Event "Erlanger BSGW-Open 2012 30rd"]
[Site "Erlangen/Eltersd.(30.3.-1.4)"]
[Date "2012.03.30"]
[Round "1.13"]
[White "Nehls, Benedikt"]
[Black "Hertlein, Stefan"]
[Result "1-0"]
[WhiteElo "1988"]
[BlackElo "1663"]
[PlyCount "105"]
[EventDate "2012.04.??"]
[EventType "swiss"]
[EventRounds "5"]
[EventCountry "GER"]
[WhiteTeam "Erlangen 48/88 SC"]
[BlackTeam "Treuchtlingen SC"]

1. Nf3 d5 2. c4 c6 3. g3 e6 4. Bg2 Nf6 5. O-O Nbd7 6. d4 dxc4 7. a4 Nd5 8. Qc2
b5 9. Nc3 b4 10. Ne4 Ba6 11. Bg5 Qa5 12. Rfc1 f5 13. Ned2 c3 14. Nb3 Qb6 15.
bxc3 Nxc3 16. Bf1 Rc8 17. a5 Qb7 18. Bf4 Be7 19. Ne5 Nxe5 20. Bxe5 Kf7 21. Nc5
Bxc5 22. dxc5 Ne4 23. Qb2 Rcd8 24. Rc2 b3 25. Rc3 Nxc3 26. Bxc3 g6 27. Be5 Rd5
28. Bd6 Rxd6 29. cxd6 Rd8 30. Ra3 Bc4 31. e4 Bxf1 32. Kxf1 Rxd6 33. Rxb3 Qe7
34. Qh8 Rd8 35. Qxh7+ Kf6 36. Qh4+ g5 37. Qh6+ Ke5 38. exf5 Kxf5 39. g4+ Ke4
40. Qh3 Ke5 41. Qc3+ Kd5 42. a6 Qc5 43. Qd2+ Qd4 44. Rd3 Kc4 45. Rxd4+ Rxd4 46.
Qxg5 c5 47. Qe5 Kb4 48. Qb8+ Kc3 49. Qxa7 c4 50. Qc7 Kd2 51. a7 c3 52. a8=Q c2
53. Qac8 1-0

[Event "Erlanger BSGW-Open 2012 30rd"]
[Site "Erlangen/Eltersd.(30.3.-1.4)"]
[Date "2012.03.30"]
[Round "1.14"]
[White "Grasser, Stefan"]
[Black "Leidorf, Sebastian"]
[Result "0-1"]
[WhiteElo "1638"]
[BlackElo "1991"]
[PlyCount "106"]
[EventDate "2012.04.??"]
[EventType "swiss"]
[EventRounds "5"]
[EventCountry "GER"]
[WhiteTeam "Hellern SV"]
[BlackTeam "Bergwinkel SV"]

1. c4 e5 2. Nc3 Nf6 3. e4 Bb4 4. Nge2 c6 5. a3 Bxc3 6. Nxc3 d5 7. cxd5 cxd5 8.
Bb5+ Bd7 9. exd5 Bxb5 10. Nxb5 Nxd5 11. O-O Nc6 12. Nc3 O-O 13. Qb3 Nb6 14. Re1
Re8 15. Ne4 Nd4 16. Qd1 Qd5 17. d3 Nb3 18. Rb1 Rad8 19. Re3 Nc4 20. Nf6+ gxf6
21. Rg3+ Kh8 22. Qxb3 Rg8 23. Bh6 Rxg3 24. hxg3 Nb6 25. Qxd5 Rxd5 26. Rc1 f5
27. Be3 Rxd3 28. Bxb6 axb6 29. Rc7 Kg7 30. Rxb7 Rb3 31. a4 Rb4 32. b3 h5 33.
Kf1 e4 34. Rb8 Kf6 35. Ke2 Ke5 36. Kd2 Rxb3 37. a5 Rd3+ 38. Kc2 bxa5 39. Re8+
Kf6 40. Ra8 Ra3 41. Kb2 e3 42. f3 Rd3 43. Re8 Rd2+ 44. Kc3 Rxg2 45. Rxe3 Rxg3
46. Kd4 h4 47. Ra3 h3 48. Ra1 h2 49. Rh1 Rh3 50. Ke3 a4 51. Kf2 a3 52. Kg2 Rh8
53. f4 a2 0-1

[Event "Erlanger BSGW-Open 2012 30rd"]
[Site "Erlangen/Eltersd.(30.3.-1.4)"]
[Date "2012.03.30"]
[Round "1.15"]
[White "Minor, Viatcheslav"]
[Black "Meulner, Fabian"]
[Result "1-0"]
[WhiteElo "1983"]
[BlackElo "1678"]
[PlyCount "49"]
[EventDate "2012.04.??"]
[EventType "swiss"]
[EventRounds "5"]
[EventCountry "GER"]
[WhiteTeam "Eisenach SV"]
[BlackTeam "Nürnberg Süd SW"]

1. e4 d5 2. exd5 Nf6 3. d4 Bg4 4. Nf3 Qxd5 5. Be2 Nc6 6. Be3 e6 7. h3 Bxf3 8.
Bxf3 Qd7 9. O-O Be7 10. c3 O-O 11. Qe2 Rfe8 12. Rd1 Rab8 13. c4 Nd8 14. Nc3 Bb4
15. Rac1 Qe7 16. a3 Bxc3 17. Rxc3 e5 18. Qc2 exd4 19. Bxd4 c5 20. Re3 Ne6 21.
Bc3 Red8 22. Rde1 Rd7 23. Qf5 b6 24. Bd5 Re8 25. Bxe6 1-0

[Event "Erlanger BSGW-Open 2012 30rd"]
[Site "Erlangen/Eltersd.(30.3.-1.4)"]
[Date "2012.03.30"]
[Round "1.16"]
[White "Meier, Manfred(67)"]
[Black "Stadler, Alex"]
[Result "0-1"]
[WhiteElo "1608"]
[BlackElo "2029"]
[PlyCount "30"]
[EventDate "2012.04.??"]
[EventType "swiss"]
[EventRounds "5"]
[EventCountry "GER"]
[WhiteTeam "Neustadt/A. SV"]
[BlackTeam "Deggendorf SV"]

1. e4 c5 2. Nc3 e6 3. f4 d5 4. Bb5+ Bd7 5. exd5 Bxb5 6. Nxb5 exd5 7. Qf3 Nf6 8.
c4 a6 9. Nc3 Nc6 10. Nge2 dxc4 11. O-O Be7 12. Kh1 Qd7 13. Ne4 Nxe4 14. Qxe4
Qd3 15. Nc3 Qxf1# 0-1

[Event "Erlanger BSGW-Open 2012 30rd"]
[Site "Erlangen/Eltersd.(30.3.-1.4)"]
[Date "2012.03.30"]
[Round "1.17"]
[White "Ulusoy, Tolga"]
[Black "Mettal, Thomas"]
[Result "1/2-1/2"]
[WhiteElo "1966"]
[BlackElo "1652"]
[PlyCount "110"]
[EventDate "2012.04.??"]
[EventType "swiss"]
[EventRounds "5"]
[EventCountry "GER"]
[WhiteTeam "Nürnberg Noris-Tarr. SC"]
[BlackTeam "Bubenreuth SV"]

1. e4 e6 2. d4 d5 3. Nc3 Bb4 4. Qg4 Nf6 5. Qxg7 Rg8 6. Qh6 Nxe4 7. Qxh7 Rf8 8.
a3 Bxc3+ 9. bxc3 Qf6 10. f3 Rh8 11. Qxh8+ Qxh8 12. fxe4 Qh4+ 13. Kd1 Qxe4 14.
Nf3 b6 15. Bd3 Qg4 16. Rg1 Ba6 17. Be3 Bxd3 18. cxd3 Nd7 19. Kd2 Ke7 20. Raf1
Rh8 21. h3 Qg6 22. h4 f5 23. Bg5+ Kd6 24. Re1 Re8 25. Re2 c5 26. Rge1 b5 27.
Bf4+ Kc6 28. dxc5 Kxc5 29. Ng5 Nf8 30. Be3+ Kd6 31. Bd4 Kd7 32. Bxa7 Qh6 33. g3
Nh7 34. Rxe6 Rxe6 35. Rxe6 Qh5 36. Nh3 Qg4 37. Rh6 Nf8 38. Nf4 Qxg3 39. Be3
Qh2+ 40. Ne2 Ne6 41. Rf6 Qxh4 42. Rxf5 Kd6 43. Bf4+ Nxf4 44. Rxf4 Qh6 45. Kc2
Qh2 46. Kd2 Qh6 47. Ke3 Ke5 48. Kd2 Qa6 49. Rb4 Qh6+ 50. Ke1 Qa6 51. Nd4 Qxa3
52. Nxb5 Qc1+ 53. Ke2 Qc2+ 54. Ke3 Qc1+ 55. Ke2 Qc2+ 1/2-1/2

[Event "Erlanger BSGW-Open 2012 30rd"]
[Site "Erlangen/Eltersd.(30.3.-1.4)"]
[Date "2012.03.30"]
[Round "1.18"]
[White "Ertl, Helmut"]
[Black "Lais, Thomas"]
[Result "0-1"]
[WhiteElo "1637"]
[BlackElo "1950"]
[PlyCount "62"]
[EventDate "2012.04.??"]
[EventType "swiss"]
[EventRounds "5"]
[EventCountry "GER"]
[WhiteTeam "Deggendorf SV"]
[BlackTeam "Nürnberg Süd SW"]

1. d4 Nf6 2. c4 g6 3. Nc3 d5 4. Nf3 Bg7 5. e3 O-O 6. Bd3 c5 7. b3 cxd4 8. Nxd4
e5 9. Nde2 Nc6 10. Ba3 Re8 11. cxd5 Nxd5 12. Nxd5 Qxd5 13. O-O e4 14. Bc4 Qa5
15. Bd6 Rd8 16. b4 Qg5 17. Bf4 Rxd1 18. Raxd1 Qf6 19. Rd6 Qe7 20. Rfd1 Bg4 21.
h3 Bxe2 22. Bxe2 Ne5 23. R1d4 Rc8 24. Bd1 h6 25. b5 Kh7 26. Bb3 g5 27. Bg3 h5
28. h4 Rc1+ 29. Kh2 Ng4+ 30. Kh3 Rh1+ 31. Bh2 Rxh2+ 0-1

[Event "Erlanger BSGW-Open 2012 30rd"]
[Site "Erlangen/Eltersd.(30.3.-1.4)"]
[Date "2012.03.30"]
[Round "1.19"]
[White "Ammon, Tobias"]
[Black "Koerber, Christian(98)"]
[Result "1-0"]
[WhiteElo "1976"]
[BlackElo "1657"]
[PlyCount "57"]
[EventDate "2012.04.??"]
[EventType "swiss"]
[EventRounds "5"]
[EventCountry "GER"]
[WhiteTeam "Altensittenbach SV"]
[BlackTeam "Fürth 1951 SF"]

1. e4 d5 2. exd5 Qxd5 3. Nc3 Qa5 4. d4 Nf6 5. Nf3 Bf5 6. Ne5 Nbd7 7. Nc4 Qa6 8.
Bf4 Qe6+ 9. Ne3 Ng4 10. d5 Qg6 11. Nxf5 Qxf5 12. Qf3 Nde5 13. Qg3 g5 14. Bb5+
Kd8 15. Bxe5 Qxe5+ 16. Qxe5 Nxe5 17. Ne4 h6 18. h4 a6 19. Be2 f5 20. Nc5 Rg8
21. hxg5 hxg5 22. Nxb7+ Kc8 23. Nc5 a5 24. Ne6 c6 25. O-O-O Kd7 26. Nc5+ Kc7
27. dxc6 Kxc6 28. Ne6 Rb8 29. Nd4+ 1-0

[Event "Erlanger BSGW-Open 2012 30rd"]
[Site "Erlangen/Eltersd.(30.3.-1.4)"]
[Date "2012.03.30"]
[Round "1.20"]
[White "Ammon, Dominik"]
[Black "Bielmeier, Ludwig"]
[Result "0-1"]
[WhiteElo "1546"]
[BlackElo "2014"]
[PlyCount "102"]
[EventDate "2012.04.??"]
[EventType "swiss"]
[EventRounds "5"]
[EventCountry "GER"]
[WhiteTeam "Altensittenbach SV"]
[BlackTeam "Deggendorf SV"]

1. e4 c6 2. d4 d5 3. exd5 cxd5 4. Bd3 Nc6 5. c3 Qc7 6. Nf3 Bg4 7. h3 Bh5 8. O-O
Nf6 9. Bg5 e6 10. Nbd2 Bd6 11. Rc1 Bg6 12. Qc2 Bxd3 13. Qxd3 O-O 14. Bxf6 gxf6
15. c4 dxc4 16. Rxc4 Qa5 17. Nb3 Qd5 18. Nc5 Be7 19. b3 Rac8 20. Ne4 Kh8 21.
Nc3 Qh5 22. d5 Nb4 23. Qd4 Nxd5 24. Rxc8 Rxc8 25. Nxd5 Qxd5 26. Qxa7 Bc5 27.
Qa4 Rg8 28. Qf4 f5 29. Qe5+ Qxe5 30. Nxe5 f6 31. Nd7 Be7 32. Rc1 b5 33. a4 bxa4
34. bxa4 Ra8 35. Nb6 Ra5 36. Rc6 Re5 37. a5 Kg7 38. a6 Ra5 39. Rc7 Kf8 40. a7
Ra1+ 41. Kh2 Bd6+ 42. g3 Bxc7 43. a8=Q+ Rxa8 44. Nxa8 Ba5 45. g4 fxg4 46. hxg4
Ke7 47. Kg3 Kd6 48. Kf3 Kd5 49. g5 f5 50. Ke3 e5 51. Kd3 Bd8 0-1

[Event "Erlanger BSGW-Open 2012 30rd"]
[Site "Erlangen/Eltersd.(30.3.-1.4)"]
[Date "2012.03.30"]
[Round "1.21"]
[White "Woerl, Richard"]
[Black "Lottring, Dieter"]
[Result "0-1"]
[WhiteElo "1950"]
[BlackElo "1629"]
[PlyCount "74"]
[EventDate "2012.04.??"]
[EventType "swiss"]
[EventRounds "5"]
[EventCountry "GER"]
[WhiteTeam "Nürnberg Süd SW"]
[BlackTeam "Schwabach SK"]

1. e4 d6 2. d4 Nf6 3. Bd3 g6 4. Ne2 Bg7 5. O-O O-O 6. c3 b6 7. Nd2 Bb7 8. Ng3
Nbd7 9. f4 e5 10. Nf3 Re8 11. fxe5 dxe5 12. Qb3 Qe7 13. Bc4 Rf8 14. Bd2 c5 15.
dxe5 Nxe5 16. Nxe5 Qxe5 17. Bf4 Qe7 18. Rad1 Rad8 19. Rxd8 Rxd8 20. Bg5 h6 21.
Bc1 Bc8 22. e5 Qxe5 23. Bxf7+ Kh7 24. Qc2 Ng4 25. Qxg6+ Kh8 26. Bf4 Qf6 27. Qh5
Rf8 28. Bc1 Qd6 29. Bf4 Qf6 30. Bg6 Qe6 31. Ne4 Nf6 32. Nxf6 Rxf6 33. Bc2 Ba6
34. c4 Bxc4 35. Qf3 Bxf1 36. Kxf1 Qc4+ 37. Bd3 Qxf4 0-1

[Event "Erlanger BSGW-Open 2012 30rd"]
[Site "Erlangen/Eltersd.(30.3.-1.4)"]
[Date "2012.03.30"]
[Round "1.22"]
[White "Effenberg, Michael"]
[Black "Kociurzynski, Andre"]
[Result "0-1"]
[WhiteElo "1552"]
[BlackElo "1949"]
[PlyCount "62"]
[EventDate "2012.04.??"]
[EventType "swiss"]
[EventRounds "5"]
[EventCountry "GER"]
[WhiteTeam "Puschendorf SV"]
[BlackTeam "Fürth 1951 SF"]

1. d4 Nf6 2. c4 g6 3. Nc3 Bg7 4. Nf3 d6 5. e3 O-O 6. Bd3 Nc6 7. O-O e5 8. a3
Ne8 9. Bc2 Bg4 10. d5 Ne7 11. h3 Bd7 12. e4 h6 13. Be3 f5 14. exf5 gxf5 15. Ba4
Bxa4 16. Qxa4 f4 17. Bd2 Nf5 18. Ne4 Nf6 19. Qc2 Qd7 20. Rfe1 Kh8 21. Rac1 Rae8
22. Rcd1 Rg8 23. Bb4 Nxe4 24. Rxe4 Bf6 25. Kh2 b6 26. Rg1 Rg6 27. Ne1 Reg8 28.
a4 Nh4 29. a5 Rxg2+ 30. Nxg2 Nf3+ 31. Kh1 Qxh3# 0-1

[Event "Erlanger BSGW-Open 2012 30rd"]
[Site "Erlangen/Eltersd.(30.3.-1.4)"]
[Date "2012.03.30"]
[Round "1.23"]
[White "Hagenbach, Udo"]
[Black "Hollfelder, Gerhard"]
[Result "1-0"]
[WhiteElo "1906"]
[BlackElo "1558"]
[PlyCount "129"]
[EventDate "2012.04.??"]
[EventType "swiss"]
[EventRounds "5"]
[EventCountry "GER"]
[WhiteTeam "Bergwinkel SV"]
[BlackTeam "Bubenreuth SV"]

1. c4 Nf6 2. g3 e6 3. Nf3 b6 4. Bg2 Bb7 5. O-O Be7 6. Nc3 O-O 7. Re1 d6 8. e4
Nbd7 9. d4 e5 10. d5 a5 11. h3 Ba6 12. b3 Nc5 13. Qc2 Bc8 14. Be3 Na6 15. a3
Nh5 16. Qb2 f5 17. exf5 Bf6 18. b4 Nb8 19. Qd2 Ba6 20. c5 Bc4 21. cxb6 cxb6 22.
Ne4 b5 23. Rac1 axb4 24. axb4 Ra2 25. Qd1 Na6 26. Nc3 Ra3 27. Nd2 Qe8 28. Nxc4
bxc4 29. Ne4 Be7 30. Rxc4 Nf6 31. Nxf6+ Bxf6 32. Qc1 Ra4 33. Qc3 Qb5 34. Rb1 h6
35. Rc6 e4 36. Qd2 Rxb4 37. Rxb4 Nxb4 38. Rb6 Qxd5 39. Rxb4 Qxd2 40. Bxd2 d5
41. Be3 Bc3 42. Rb3 d4 43. Bxe4 dxe3 44. Rxc3 exf2+ 45. Kxf2 Rd8 46. Rc7 Re8
47. Bd5+ Kh8 48. Bf7 Rf8 49. Bg6 Rb8 50. Kf3 Rd8 51. Kf4 Rd4+ 52. Ke5 Rd8 53.
g4 Ra8 54. h4 Rb8 55. g5 hxg5 56. hxg5 Kg8 57. f6 gxf6+ 58. gxf6 Ra8 59. Rg7+
Kf8 60. Rf7+ Kg8 61. Re7 Ra5+ 62. Kf4 Ra4+ 63. Kg5 Ra5+ 64. Kh6 Ra8 65. f7+ 1-0